|
|
|
|
| LEADER |
00622nta a2200157 i 4500 |
| 001 |
dipl20689 |
| 005 |
20130314080303.0 |
| 008 |
120102s1983 hu om 0|| zxx d |
| 040 |
|
|
|a SZTE Diploma Repozitórium
|b hun
|
| 041 |
|
|
|a zxx
|
| 100 |
1 |
|
|a Csizmadia Ferenc
|
| 245 |
1 |
2 |
|a A munkaviszony jogellenes megszüntetése a Békéscsabai Munkaügyi Bíróság hároméves anyaga alapján
|h [elektronikus dokumentum] /
|c Ferenc Csizmadia
|
| 260 |
|
|
|c 1983
|
| 650 |
|
4 |
|a Jogi és igazgatási tanulmányok
|
| 700 |
1 |
|
|a nincs megadva
|e ths
|
| 856 |
4 |
0 |
|u http://diploma.bibl.u-szeged.hu/id/eprint/20689/1/1983_csizmadia_ferenc.pdf
|z Dokumentum-elérés
|